Coupe du Monde 2022 - Liste Cameroun - Statistiques

Statistiques générales
  • Ce quiz a été pris 215 fois
  • Le résultat moyen est 10 sur 27
Statistiques - réponses
Position Team Réponse % Correct
G Inter de Milan André Onana
96%
A Bayern Munich Eric Choupo Moting
87%
A Olympique Lyonnais Karl Toko Ekambi
84%
M SSC Naples Frank Zambo Anguissa
79%
A Al Nasr Riyadh Vincent Aboubakar
75%
A Brentford Bryan Mbeumo
61%
D FC Nantes Jean-Charles Castelletto
57%
D Rennes Cristopher Wooh
49%
G Olympique de Marseille Simon Ngapandouetnbu
40%
Coach Rigobert Song
39%
A Besiktas Georges-Kévin N’Koudou
33%
D Aris Salonique Nicolas Nkoulou
33%
A Dynamo Moscou Moumi Ngamaleu
30%
D Seattle Sounders Nouhou Tolo
30%
A Shanghai Shenhua Christian Bassogog
26%
G Abha Devis Epassy
25%
M Hellas Vérone Martin Hongla
24%
M Olympiakos Pirée Pierre Kunde Malong
23%
M Swansea Olivier Ntcham
22%
D Al Taee Faï Collins
19%
A Young Boys Jean-Pierre Nsame
19%
M Malines Samuel Oum Gouet
19%
D Udinese Enzo Ebosse
17%
A Colombe sportive du Dja et Lobo Jérome Ngom
17%
M Hanovre 96 Gaël Ondoua
13%
D Philadelphia Union Olivier Mbaizo
13%
A Coton Sport de Garoua Souaibou Marou
9%
Aucun quiz correspondant
Distribution des résultats
% des personnes avec chaque résultat
Percentile par nombre de réponses
Votre historique - résultats
Vous n’avez pas pris ce quiz